|
|
|
|
| LEADER |
00000nab a2200000 ar4500 |
| 001 |
vtls008996565 |
| 003 |
SK-MaSNL |
| 005 |
20260303065745.0 |
| 008 |
070606c2006 xo mr|p|||||||000 b|slo |
| 015 |
|
|
|a SNBRB2007/06
|2 snkbucl
|
| 038 |
|
|
|a SNKBUCL
|
| 040 |
|
|
|a SNKBUCL
|b slo
|c SNKBUCL
|e AACR2
|
| 041 |
0 |
|
|a slo
|
| 044 |
|
|
|a xo
|c SK
|
| 080 |
|
|
|a 793.31.079
|2 1997
|
| 080 |
|
|
|a 784.4
|2 1997
|
| 080 |
|
|
|a 39
|2 1997
|
| 245 |
0 |
0 |
|a 41. ročník FSP Detva 2006
|
| 246 |
3 |
|
|a Štyridsiatyprvý ročník FSP Detva 2006
|
| 300 |
|
|
|b Fotogr.
|
| 611 |
2 |
7 |
|a Folklórne slávnosti pod Poľanou
|n (41. :
|d 2006 :
|c Detva, Slovensko)
|2 snkbucl
|9 1066247
|
| 651 |
|
7 |
|a Detva (Slovensko)
|2 snkbucl
|9 15171
|
| 773 |
0 |
|
|t Slovenské zahraničie
|g Roč. XI, č. 2-3 (2006), s. 10-11
|x 1335-4396
|
| 852 |
|
|
|a SNK
|b KIS3GCP
|
| 958 |
|
|
|a SK
|
| 999 |
|
|
|c 1752556
|d 1754486
|